| 000 | 02398cam a2200625 a 4500 | ||
|---|---|---|---|
| 001 | 245596262 | ||
| 003 | OSt | ||
| 005 | 20260109054035.0 | ||
| 008 | 080828s2010 nyub c 000 1 eng | ||
| 010 | _a2008032748 | ||
| 020 | _a9780375838859 (hardcover) | ||
| 020 | _a0375838856 (hardcover) | ||
| 020 | _a9780375938856 (hardcover) | ||
| 020 | _a0375938850 (hardcover) | ||
| 020 | _a9780375838866 (paperback) | ||
| 020 | _a0375838864 (paperback) | ||
| 020 | _a9781448774647 | ||
| 020 | _a1448774640 | ||
| 040 |
_aDLC _beng _cDLC _dIG# _dGZF _dB2A _dEHH _dVI# _dYDXCP _dIHI _dBDX _dOCLCA _dOCLCF _dOCLCO _dOCLCQ _dOCLCO _dATMAZ _dOCLCO _dBDO _dNZALP _dOCLCA _dCHILD _dILM _dH$Y _dGRC _dIOK _dWLM _dBRL _dKF6 _dJPK _dOCLCO _dUTP _dOCLCQ _dOCL _dATMAZ _dJ@R _dZGR _dOCLCO _dJTD _dUtOrBLW |
||
| 042 | _alcac | ||
| 043 | _an-us-ks | ||
| 050 | 0 | 0 |
_aPZ7.W69744 _bChe 2010 |
| 082 | 0 | 0 |
_a[Fic] _222 |
| 100 | 1 | _aWilson, Nathan D. | |
| 245 | 1 | 4 |
_aThe Chestnut King / _cN.D. Wilson. |
| 250 | _a1st ed. | ||
| 264 | 1 |
_aNew York : _bRandom House, _c[2010] |
|
| 264 | 4 | _c℗♭2010. | |
| 300 |
_a483 pages : _bmap ; _c22 cm. |
||
| 336 |
_atext _btxt _2rdacontent. |
||
| 337 |
_aunmediated _bn _2rdamedia. |
||
| 338 |
_avolume _bnc _2rdacarrier. |
||
| 490 | 1 |
_a100 cupboards ; _vbk 3. |
|
| 520 | _aTwelve-year-old Henry York, finally reunited with his family, works with them and the Chestnut King, the long-deposed and mythic leader of the faeren people, to destroy Nimiane and her forces of evil. | ||
| 521 | 1 |
_a009-012 _bIngram. |
|
| 526 | 0 |
_aAccelerated Reader _bGrades 5-8 _c4.5 _d17 _zQuiz 135418 _zEnglish fiction. |
|
| 526 | 0 |
_aAccelerated Reader AR _bMG _c4.5 _d17.0 _z135418. |
|
| 526 | 0 |
_aReading Counts RC _b6-8 _c4.2 _d26 _zQuiz: 50094. |
|
| 526 | 0 |
_aLexile _c670L. |
|
| 526 | 0 |
_aF&P _cW. |
|
| 650 | 0 |
_aMagic _vJuvenile fiction. |
|
| 650 | 0 |
_aSpace and time _vJuvenile fiction. |
|
| 650 | 0 |
_aKings and rulers _vJuvenile fiction. |
|
| 650 | 0 |
_aFairies _vJuvenile fiction. |
|
| 650 | 0 |
_aDoors _vJuvenile fiction. |
|
| 650 | 0 |
_aFamilies _zKansas _vJuvenile fiction. |
|
| 650 | 0 |
_aCousins _vJuvenile fiction. |
|
| 650 | 7 |
_aFamily members _vJuvenile fiction. _2homoit. |
|
| 651 | 0 |
_aKansas _vJuvenile fiction. |
|
| 655 | 7 |
_aFantasy fiction. _2lcgft. |
|
| 655 | 7 |
_aNovels. _2lcgft. |
|
| 800 | 1 |
_aWilson, Nathan D. _t100 cupboards ; _vbk. 3. |
|
| 800 | 1 |
_aWilson, Nathan D. _t100 cupboards ; _vbk 3. |
|
| 942 | _cBK | ||
| 999 |
_c31446 _d31444 |
||